000 00824nam a2200241 u 4500
001 000004413
003 DO-SdBNP
005 20250409135759.0
008 090722s1997 dr a r 001 0 spa d
020 _a8489525560
040 _aDO-SdBNP
_bspa
_cBNPHU
100 1 _aHernández Camaaño, Ida
_912972
245 1 0 _aInstituto Tecnológico de Santo Domingo (1972-1997) :
_b25 años de historia /
_cIda Hernández Caamaño.
246 1 3 _aInstituto Tecnológico de Santo Domingo (1972-1997) :
_bVeinticinco años de historia
260 _aSanto Domingo :
_c1997.
300 _a203 p. ;
_c22 cm.
490 1 _aDocumento
_vno. 14
500 _aIncluye índice
500 _aIncluye anexos (p.171-179)
504 _aIncluye referencias bibliográficas (p. 195-197)
830 0 _aDocumento
_vno. 14
_912974
942 _2ddc
_cLBS1
999 _c4222
_d4222